Statistics for can you name the 14 least populated countries?

Click here to take the quiz!

General Stats

  • This quiz has been taken 28 times
  • The average score is 10 of 14

Answer Stats

HintAnswer% Correct
801 PopulationVatican city
100%
11,792 PopulationTuvalu
92%
10,824 PopulationNauru
88%
18,094 PopulationPalau
81%
53,199 Populationsaint Kitts and Nevis
81%
77,265 PopulationAndorra
73%
59,190 PopulationMarshall islands
73%
39,242 PopulationMonaco
73%
97,929 PopulationAntigua and Barbuda
69%
71,986 PopulationDominica
69%
105,695 PopulationTonga
62%
33,931 PopulationSan Marino
58%
38,128 PopulationLiechtenstein
54%
98,347 PopulationSeychelles
50%

Score Distribution

Percentile by Number Answered

Percent of People with Each Score

Your Score History

You have not taken this quiz